ნორმალური ფორმატი
MARC ფორმატი
ჩანაწერი Personal Name
ჩანაწერთა რაოდენობა, რომელიც გამოყენებულია: 2
001 - CONTROL NUMBER
- control field: 10385
003 - CONTROL NUMBER IDENTIFIER
- control field: GE_BSU
005 - DATE AND TIME OF LATEST TRANSACTION
- control field: 20210309004351.0
008 - FIXED-LENGTH DATA ELEMENTS
- fixed length control field: 210309|| aca||aabn | a|a d
040 ## - CATALOGING SOURCE
- Original cataloging agency: GE_BSU
- Transcribing agency: GE_BSU
100 ## - HEADING--PERSONAL NAME
- Personal name: Diez, Thomas
- Relator term: Edited by
670 ## - SOURCE DATA FOUND
- Source citation: Work cat.: (GE_BSU)53676: The European Union and Border Conflicts :
